Donne e follia in Piemonte : storie e immagini di vite femminili rinchiuse nei manicomi /

Un arco di tempo che va dalla seconda metà dell'800 agli anni che precedono l'entrata in vigore della cosiddetta "Legge Basaglia" nel 1978. Qui si collocano le tante storie personali di donne che conobbero la realtà del manicomio: una realtà dura, mortificante, spesso violenta. Bruna Bertolo inseris...

وصف كامل

محفوظ في:
التفاصيل البيبلوغرافية
المؤلف الرئيسي: Bertolo, Bruna
مؤلفون آخرون: Furlan, Pier Maria, Sinigaglia, Alberto, (1948- ) (كاتب المقدمة، إلخ.)
التنسيق: كتاب
اللغة:الإيطالية
منشور في: Sant'Ambrogio di Torino : Susalibri, 2021
الموضوعات:
الوسوم: إضافة وسم
لا توجد وسوم, كن أول من يضع وسما على هذه التسجيلة!

MARC

LEADER 00000nam a22000007i 4500
001 IT\ICCU\BIA\0050807
003 ItRI
005 20260115232205.0
008 210311s2021 it |||||| ||||| |||||c
020 |a 9788897933595 
040 |b ita  |c importazione bologna sebina 
041 7 |a ita  |2 ISO-639-2 
082 |a 362.2042509451  |9 MALATTIE E DISTURBI MENTALI ED EMOTIVI. PREVENZIONE E FORME D'ASSISTENZA. Italia nordoccidentale Piemonte  |2 23 
100 1 |a Bertolo, Bruna  |0 IT\ICCU\CFIV\225620 
240 1 0 |a Donne e follia in Piemonte : storie e immagini di vite femminili rinchiuse nei manicomi  |3 IT\ICCU\BIA\0050821  |9 Bertolo, Bruna 
245 1 0 |a Donne e follia in Piemonte :  |b storie e immagini di vite femminili rinchiuse nei manicomi /  |c Bruna Bertolo ; premessa di Alberto Sinigaglia ; capitolo finale di Pier Maria Furlan. 
260 |a Sant'Ambrogio di Torino :  |b Susalibri,  |c 2021 
300 |a 232 p. :  |b ill. ;  |c 24 cm 
520 |a Un arco di tempo che va dalla seconda metà dell'800 agli anni che precedono l'entrata in vigore della cosiddetta "Legge Basaglia" nel 1978. Qui si collocano le tante storie personali di donne che conobbero la realtà del manicomio: una realtà dura, mortificante, spesso violenta. Bruna Bertolo inserisce queste storie personali in un percorso storico che evidenzia le trasformazioni della Società italiana, senza mai perdere di vista i cambiamenti che, a poco a poco, modificarono il modo della scienza di avvicinarsi alla malattia mentale. Un volume appassionato, ricco di immagini, rispettoso verso il mondo femminile portato in scena e che si avvale del prezioso contributo dello psichiatra Pier Maria Furlan. 
650 7 |a Donne  |x Assistenza psichiatrica  |x Piemonte  |x Memorie  |2 nsbncf 
700 1 |a Furlan, Pier Maria  |0 IT\ICCU\CFIV\106318 
700 1 |a Sinigaglia, Alberto,  |d  (1948- )  |0 IT\ICCU\RAVV\037735  |4 aui 
942 |2 ddc  |c BK  |n 0 
952 |0 0  |1 0  |4 0  |6 DOC_362_210000000000000_BER  |7 0  |9 21658  |a BO  |b BO  |d 2026-01-15  |i 19434  |l 0  |o DOC 362.210 BER  |p BO19434  |r 2026-01-15 23:22:05  |w 2026-01-15  |x [Sebina 5] [1 v.]  |y BK  |z 1 v. 
999 |c 18498  |d 18498